Emma (Record no. 16691)

000 -LEADER
fixed length control field 00358nam a22001577a 4500
003 - CONTROL NUMBER IDENTIFIER
control field NUST
008 - FIXED-LENGTH DATA ELEMENTS--GENERAL INFORMATION
fixed length control field 131217t xxu||||| |||| 00| 0 eng d
020 ## - INTERNATIONAL STANDARD BOOK NUMBER
International Standard Book Number 1-85326-028-2
038 ## - RECORD CONTENT LICENSOR
Staff Name ASAB
082 ## - DEWEY DECIMAL CLASSIFICATION NUMBER
Classification number Fic
100 ## - MAIN ENTRY--PERSONAL NAME
Personal name Jane Austen
9 (RLIN) 13531
245 ## - TITLE STATEMENT
Title Emma
Statement of responsibility, etc. Jane Austen
260 ## - PUBLICATION, DISTRIBUTION, ETC.
Place of publication, distribution, etc. Berkshire
Name of publisher, distributor, etc. Penguin books
Date of publication, distribution, etc. 1994
300 ## - PHYSICAL DESCRIPTION
Extent 367 P
942 ## - ADDED ENTRY ELEMENTS (KOHA)
Source of classification or shelving scheme
Koha item type Book
Holdings
Withdrawn status Lost status Source of classification or shelving scheme Damaged status Not for loan Collection code Permanent Location Current Location Date acquired Total Checkouts Full call number Barcode Date last seen Date last checked out Price effective from Koha item type Total Renewals
            Atta-ur-Rahman School of Applied Biosciences (ASAB) Atta-ur-Rahman School of Applied Biosciences (ASAB) 01/18/2016 3 Fic Austen ASAB2981 04/29/2024 01/26/2024 01/18/2016 Book  
            Atta-ur-Rahman School of Applied Biosciences (ASAB) Atta-ur-Rahman School of Applied Biosciences (ASAB) 10/12/2015 3 Fic Austen ASAB2982 01/30/2025 12/19/2024 10/12/2015 Book  
            Atta-ur-Rahman School of Applied Biosciences (ASAB) Atta-ur-Rahman School of Applied Biosciences (ASAB) 12/17/2013 3 Fic Austen ASAB2985 04/15/2026 02/19/2026 12/17/2013 Book 4
            Atta-ur-Rahman School of Applied Biosciences (ASAB) Atta-ur-Rahman School of Applied Biosciences (ASAB) 12/17/2013 1 Fic Austen ASAB2984 03/22/2017 06/02/2016 12/17/2013 Book  
            Atta-ur-Rahman School of Applied Biosciences (ASAB) Atta-ur-Rahman School of Applied Biosciences (ASAB) 12/17/2013 1 Fic Austen ASAB2983 07/17/2023 07/27/2022 12/17/2013 Book  
© 2023 Central Library, National University of Sciences and Technology. All Rights Reserved.